000 00251nam a2200097Ia 4500
001 705354
005 20250826162428.0
008 250824s9999 xx 000 0 und d
245 0 _aBAŞARI BİR SİHİR MİDİR
_cALİ BOZGEDİK
260 _bHAYAT YAYINLARI
999 _c705354
_d705354